| 000 | 01595nam0a2200385 4500 | ||
|---|---|---|---|
| 001 | RU\NLR\BIBL_A\011543089 | ||
| 005 | 20260406131658.0 | ||
| 010 |
_a978-5-209-07467-0 _9500 |
||
| 021 |
_aRU _b2017-83927 _95986 |
||
| 035 | _a(RuMoRGB)009403178 | ||
| 035 | _a(NLR Aleph) 011543089 | ||
| 090 |
_a12205805 _c12205805 |
||
| 100 | _a20171130d2017 |||y0rusy50 ca | ||
| 101 | 0 | _aeng | |
| 102 | _aRU | ||
| 105 | _aac g 000zy | ||
| 200 | 1 |
_aMathematics in RUDN university _f[RUDN university _gcompiled by prof. Y. V. Pavlyuchenko, prof. V. M. Savchin] |
|
| 210 |
_aMoscow _cPeoples' friendship university of Russia _d2017 |
||
| 215 |
_a200, [2] с. _cил., цв. ил., портр. _d23 |
||
| 320 | _a"Selected publications" в конце ст. | ||
| 541 | 1 | _aМатематика в РУДН | |
| 601 | 0 | 2 |
_aРоссийский университет дружбы народов _bФакультет физико-математических и естественных наук _xПрофессора и преподаватели _92375271 _3RU\NLR\AUTH\6601638876 |
| 606 | 1 |
_aМатематики _92159835 _3RU\NLR\AUTH\661299907 |
|
| 606 | 1 |
_aМеханики _9891347 _3RU\NLR\AUTH\662099 |
|
| 686 | 1 | _aВ1д(2) | |
| 686 | 1 | _aВ2д(2) | |
| 686 | 1 | _aЧ488.214.2я2 | |
| 702 | 1 |
_aPavljučenko _bJ. V. _f1935- _gJurij Vital'evič _4220 |
|
| 711 | 0 | 2 |
_8eng _aPeoples friendship university of Russia _7ba _3RU\NLR\AUTH\8822417 _9319158 |
| 942 | _cBOOK | ||
| 980 | _aNB | ||